000 01535cam a2200373 a 4500
999 _c14067
_d14067
001 4496935
003 EG-ScBUE
005 20210116151744.0
008 970513s1998 nyu f 000 1 eng d
020 _a9780671867157
035 _a(OCoLC)36454987
040 _aWvC
_beng
_erda
_cWvC
_dIWhN
_dAzM
_dScG
_dO
_dDLC
_dEG-ScBUE
043 _an-us-mn
_an-us-ny
082 0 4 _a813.54
_bCLA
_221
100 1 _aClark, Mary Higgins,
_eauthor.
_914641
245 1 0 _aPretend You don't see her /
_cMary Higgins Clark.
264 1 _aNew York, NY :
_bPocket Books,
_c1998.
300 _aviii, 305 pages :
_c25 cm
336 _2rdacontent
_atext
_btxt
337 _2rdamedia
_aunmediated
_bn
338 _2rdacarrier
_avolume
_bnc
650 7 _aWomen real estate agents
_xFiction.
_2BUEsh
_914642
650 7 _aWitnesses
_xProtection
_xFiction.
_2BUEsh
_914643
651 7 _aMinneapolis (Minn.)
_xFiction.
_2BUEsh
_914644
651 7 _aNew York (N.Y.)
_xFiction.
_2BUEsh
_914645
653 _bHHUUEENN
_cJanuary2021
655 7 _aDetective and mystery stories.
_2gsafd
_vReading book
856 4 2 _3Contributor biographical information
_uhttp://www.loc.gov/catdir/bios/simon051/97150693.html
856 4 2 _3Publisher description
_uhttp://www.loc.gov/catdir/description/simon033/97150693.html
856 4 1 _3Sample text
_uhttp://www.loc.gov/catdir/enhancements/fy0641/97150693-s.html
942 _2ddc
_cBB